Central Library OPAC University of Rajshahi

HTML : (Record no. 13450)

MARC details
000 -LEADER
fixed length control field 01301cam a22003377a 4500
001 - CONTROL NUMBER
control field 13450
003 - CONTROL NUMBER IDENTIFIER
rucl marc code BD-RjUL
005 - DATE AND TIME OF LATEST TRANSACTION
control field 20211208235445.0
008 - FIXED-LENGTH DATA ELEMENTS--GENERAL INFORMATION
fixed length control field 140201s2005 njua 001 0 eng d
020 ## - INTERNATIONAL STANDARD BOOK NUMBER
International Standard Book Number 076458331X (pbk.)
International Standard Book Number 9780764583315
035 ## - SYSTEM CONTROL NUMBER
System control number (BD-RjUL)13501
040 ## - CATALOGING SOURCE
Original cataloging agency UKM
Transcribing agency UKM
Modifying agency OCLCQ
-- OCLCQ
-- BD-RjUL
Language of cataloging eng
041 ## - LANGUAGE CODE
Language code of text/sound track or separate title eng
082 00 - DEWEY DECIMAL CLASSIFICATION NUMBER
Classification number 005.72
Edition number 22
Author mark and year WHH 2005
100 1# - MAIN ENTRY--PERSONAL NAME
Personal name Whitehead, Paul,
Dates associated with a name 1965-
9 (RLIN) 41955
245 10 - TITLE STATEMENT
Title HTML :
Remainder of title your visual blueprint for designing Web pages with HTML, CSS, and XHTML /
Statement of responsibility, etc. by Paul Whitehead and James H. Russell.
260 ## - PUBLICATION, DISTRIBUTION, ETC. (IMPRINT)
Place of publication, distribution, etc. Hoboken, N.J. :
Name of publisher, distributor, etc. Wiley,
Date of publication, distribution, etc. c2005.
300 ## - PHYSICAL DESCRIPTION
Pagination xii, 305 p. :
Illustrations ill. ;
Size 23 cm.
504 ## - BIBLIOGRAPHY, ETC. NOTE
Bibliography, etc Includes index.
650 #0 - SUBJECT ADDED ENTRY--TOPICAL TERM
Topical term or geographic name as entry element HTML (Document markup language)
9 (RLIN) 1387
Topical term or geographic name as entry element Web sites
General subdivision Design.
9 (RLIN) 41926
700 1# - ADDED ENTRY--PERSONAL NAME
Personal name Russell, James H.
856 42 - ELECTRONIC LOCATION AND ACCESS
Materials specified Contributor biographical information
Uniform Resource Identifier <a href="http://www.loc.gov/catdir/enhancements/fy0628/2005921027-b.html">http://www.loc.gov/catdir/enhancements/fy0628/2005921027-b.html</a>
Materials specified Publisher description
Uniform Resource Identifier <a href="http://www.loc.gov/catdir/enhancements/fy0628/2005921027-d.html">http://www.loc.gov/catdir/enhancements/fy0628/2005921027-d.html</a>
Materials specified Table of contents only
Uniform Resource Identifier <a href="http://www.loc.gov/catdir/enhancements/fy0628/2005921027-t.html">http://www.loc.gov/catdir/enhancements/fy0628/2005921027-t.html</a>
942 ## - ADDED ENTRY ELEMENTS (KOHA)
Source of classification or shelving scheme Dewey Decimal Classification
Koha item type Books
Holdings
Lost status Source of classification or shelving scheme Damaged status Not for loan Collection code Permanent Location Current Location Shelving location Date acquired Source of acquisition Cost, normal purchase price Total Checkouts Full call number Date last seen Date checked out Copy number Koha item type
  Dewey Decimal Classification     Non-fiction Central Library, University of Rajshahi Central Library, University of Rajshahi   29/09/2013 Asia foundation 24.99 2 005.72 WHH 2005 08/02/2017 07/02/2017 C-2 Books
  Dewey Decimal Classification   Not For Loan Non-fiction Central Library, University of Rajshahi Central Library, University of Rajshahi Reading Room 29/09/2013 Asia foundation 24.99   005.72 WHH 2005 01/02/2014   C-1 Books